000 00565nam 22002053 4500
001 200332
010 _a972-20-2330-6
021 _aPT
_b156680/02
090 _a200332
100 _a20260203d u||y0pory50 ba
200 _aVinhos de Portugal 2003
_fJoão Paulo Martins
205 _a
210 _aLisboa
_cDom Quixote
_d2002
215 _a456 p.
_cil. ; brochado
_d21 cm
606 _98086
_aVinhos. Produção de vinhos. Enologia
675 _a663.2
_vPT
_zpor
700 _913381
_aMartins
_bJoão Paulo
801 _aPT
_bBMMN
_gRPC
830 _cVanda
990 _cLIVROS